000 03341nam0a2200421 4500
001 RU\NLR\BIBL_A\021995159
005 20240325172337.0
010 _a978-5-00044-967-7
_950
021 _aRU
_bКН-П-23-041425
_9КН-П-23-4142
035 _a(NLR Aleph) 021995159
035 _a(RuMoRGB)011885187
090 _a12438612
_c12438612
100 _a20230802d2023 k y0rusy50 ca
101 0 _arus
_deng
_ager
102 _aRU
105 _aa z 100zy
181 0 _ai3
_baxxe
182 1 _an
200 1 _aФункциональная грамотность. Уроки жизни
_eматериалы региональной (с международным участием) научно-практической конференции, 3 ноября 2022 года
_fМинистерство просвещения Российской Федерации, Федеральное государственное бюджетное образовательное учреждение высшего образования "Воронежский государственный педагогический университет", Центр непрерывного совершенствования профессионального мастерства педагогических работников ВГПУ, Муниципальное бюджетное образовательное учреждение школа № 34
_gредакционная коллегия: д. п. н., доцент М. В. Дюжакова, к. п. н., доцент А. В. Калагастова
203 _aТекст
_bвизуальный
_cнепосредственный
210 _aВоронеж
_cВоронежский государственный педагогический университет
_d2023
215 _a304 с.
_cил., табл.
_d21
300 _aТекст рус., нем.
300 _aРез. англ.
320 _aБиблиогр. в конце ст.
606 1 _aШкольники
_xВоспитание практических навыков
_jСъезды, совещания и т.п
_2nlr_sh1
_2nlr_sh2
_3RU\NLR\AUTH\666742
606 1 _aДошкольники
_xВоспитание практических навыков
_jСъезды, совещания и т.п
_2nlr_sh2
_3RU\NLR\AUTH\6601724962
675 _a37.016:811(082)
_v4
686 1 _aЧ421.2я431
686 1 _aЧ411.38я431
702 1 _aДюжакова
_bМ. В.
_gМарина Вячеславовна
_4340
711 1 2 _a"Функциональная грамотность. Уроки жизни", региональная (с международным участием) научно-практическая конференция
_f2022
_eВоронеж
_3RU\NLR\AUTH\880595650
712 0 2 _aВоронежский государственный педагогический университет
_bЦентр непрерывного совершенствования профессионального мастерства педагогических работников
_3RU\NLR\AUTH\880568730
_4570
942 _cBOOK
980 _aNB